Sanat: Hipit rautaa, Eppu Normaali - Statistics

Yleistilastot
  • Tätä visaa on pelattu 57 kertaa
  • Keskiarvotulos 118 / 159
Vastaustilastot
Vastaus % Oikein
ei
94%
ne
94%
oli
94%
Oli
94%
on
94%
Ja
91%
ja
91%
enne
89%
hautaa
89%
hipit
89%
kaiken
89%
kaikin
89%
rautaa
89%
Se
89%
edes
86%
ennen
86%
hippityttö
86%
kauniin
86%
maailma
86%
Maailma
86%
Nyt
86%
Ole
86%
piiput
86%
puuta,
86%
sen
86%
toivon
86%
vain
86%
Enkä
83%
Haudalle
83%
kenenkään
83%
kukkasen
83%
laitan
83%
muuttuneen
83%
nähnyt
83%
nelkytkaks
83%
Olen
83%
paremmaks
83%
siitä
83%
Eikä
80%
Mieheni
80%
pilalla
80%
suuttuneen
80%
Hippiaate
77%
juo
77%
kaikki
77%
kaljuuntui
77%
kaunis
77%
kukkoistavan
77%
kukoistavan
77%
maailman
77%
Miks
77%
rihkamaa
77%
tilalla
77%
kokista
74%
valjuuntui
74%
mutsi
71%
niin
71%
over"
71%
power
71%
sitten
71%
draivia
69%
draivia?
69%
flower
69%
Lapseni
69%
naiivia?
69%
pelkkää
69%
vitsiä?
69%
halua
66%
jo
66%
kun
66%
kuulla
66%
mitään
66%
Onni
66%
sata
66%
vuotta
66%
woodstockista
66%
kalua
63%
mennyttä
63%
idättelee
60%
kauraa
60%
"Kuule
60%
markkinoiden
60%
nauraa
60%
lapsi
54%
Poikani
54%
illuusioton
51%
Poikakin
51%
enää
49%
armeijaa
46%
Mulla
43%
leijaa
40%
Mies
40%
Muttei
40%
rakentelee
40%
Vasta
40%
voimissa
40%
"Sää
37%
sun
37%
taas
37%
Mitäs
34%
kitschiä
31%
jauhat?"
29%
niistä
29%
maailmanrauhat
23%
Ehtoja vastaavia visoja ei löytynyt
Tulosjakauma
Jokaisen tuloksen saaneiden osuus
Persentiili vastausten määrän mukaan
Tuloshistoriasi
Et ole pelannut tätä visaa